Modelación del comportamiento de los peatones de la carretera Florencio del Castillo y propuestas para mejorar su seguridad vial
保存先:
| 第一著者: | |
|---|---|
| フォーマット: | 図書 |
| 言語: | Spanish |
| 出版事項: |
[San José], Costa Rica
2014
|
| 主題: | |
| タグ: |
タグ追加
タグなし, このレコードへの初めてのタグを付けませんか!
|
MARC
| LEADER | 00000nam a22000007a 4500 | ||
|---|---|---|---|
| 003 | 011872 | ||
| 005 | 20221231143902.0 | ||
| 008 | 150318b2013 cr a|||| |||| 00| 0 spa d | ||
| 040 | |c cru CEDI | ||
| 090 | |a TFG 7040 | ||
| 100 | |9 552 |a Lestruhaut Macaya, Pierre | ||
| 245 | |a Modelación del comportamiento de los peatones de la carretera Florencio del Castillo y propuestas para mejorar su seguridad vial | ||
| 260 | |a [San José], Costa Rica |c 2014 | ||
| 500 | |a Proyecto de graduación (licenciatura en ingeniería civil)--Universidad de Costa Rica. Facultad de Ingeniería. Escuela de Ingeniería Civil | ||
| 648 | |x PEATONES - ACTITUDES |x SEGURIDAD VIAL |x AUTOPISTA FLORENCIO DEL CASTILLO (COSTA RICA) |x PUENTES PARA PEATONES |9 553 | ||
| 942 | |c TFG | ||
| 999 | |c 13744 |d 13744 | ||
